LEADER 01327nam0 2200301 i 450 001 VAN00066439 005 20251006024428.294 010 $a978-08-987149-1-3 100 $a20081121d2001 |0itac50 ba 101 $aeng 102 $aUS 105 $a|||| ||||| 200 1 $aLectures on modern convex optimization$eanalysis, algorithms, and engineerining applications$fAharon Ben-Tal, Arkadi Nemirovski 210 $aPhiladelphia$cSIAM$d2001 215 $aXVI, 488 p.$cill.$d25 cm 410 1$1001VAN00066441$12001 $aMPS-SIAM series on optimization$1210 $aPhiladelphia$cSIAM$v2 606 $a90Cxx$xMathematical programming [MSC 2020]$3VANC020086$2MF 620 $dPhiladelphia$3VANL000037 700 1$aBen-Tal$bAharon$3VANV052773$054400 701 1$aNemirovski$bArkadi$3VANV052774$0147502 712 $aSIAM $3VANV108794$4650 801 $aIT$bSOL$c20251010$gRICA 856 4 $u/sebina/repository/catalogazione/documenti/ID 66439.pdf$zID 66439.pdf 899 $aBIBLIOTECA DEL DIPARTIMENTO DI MATEMATICA E FISICA$1IT-CE0120$2VAN08 912 $aVAN00066439 950 $aBIBLIOTECA DEL DIPARTIMENTO DI MATEMATICA E FISICA$d08PREST 90-XX 0331 $e08NS 475 I 20081121 996 $aLectures on modern convex optimization$91416904 997 $aUNICAMPANIA LEADER 03380nam0 2200661 i 450 001 VAN00113600 005 20250319040243.923 017 70$2N$a9783319185736 100 $a20180115d2015 |0itac50 ba 101 $aeng 102 $aCH 105 $a|||| ||||| 200 1 $aDifferential geometry and continuum mechanics$fGui-Qiang G. Chen, Michael Grinfeld, R. J. Knops editors 210 $a[Cham]$cSpringer$d2015 215 $aVIII, 387 p.$cill.$d24 cm 410 1$1001VAN00102574$12001 $aSpringer proceedings in mathematics & statistics$1210 $aBerlin [etc.]$cSpringer$d2012-$v137 500 1$3VAN00234973$aDifferential geometry and continuum mechanics$91522666 606 $a35-XX$xPartial differential equations [MSC 2020]$3VANC019763$2MF 606 $a35A30$xGeometric theory, characteristics, transformations in context of PDEs [MSC 2020]$3VANC022864$2MF 606 $a57Q35$xEmbeddings and immersions in PL-topology [MSC 2020]$3VANC033682$2MF 606 $a58-XX$xGlobal analysis, analysis on manifolds [MSC 2020]$3VANC019758$2MF 606 $a58D10$xSpaces of imbeddings and immersions [MSC 2020]$3VANC033683$2MF 606 $a58D17$xManifolds of metrics (especially Riemannian) [MSC 2020]$3VANC033684$2MF 606 $a58J32$xBoundary value problems on manifolds [MSC 2020]$3VANC022824$2MF 606 $a58J60$xRelations of PDEs with special manifold structures (Riemannian, Finsler, etc.) [MSC 2020]$3VANC022961$2MF 606 $a58Zxx$xApplications of global analysis to the sciences [MSC 2020]$3VANC023356$2MF 606 $a74A60$xMicromechanical theories [MSC 2020]$3VANC028909$2MF 606 $a74B20$xNonlinear elasticity [MSC 2020]$3VANC021528$2MF 606 $a74P20$xGeometrical methods for optimization problems in solid mechanics [MSC 2020]$3VANC033685$2MF 606 $a76A15$xLiquid crystals [MSC 2020]$3VANC032921$2MF 610 $aCompensated Compactness$9KW:K 610 $aDifferential geometry$9KW:K 610 $aElasticity$9KW:K 610 $aIsometric Embeddings$9KW:K 610 $aLiquid Crystals$9KW:K 610 $aMicrostructure$9KW:K 610 $aNonlinear Mechanics$9KW:K 610 $aPartial Differential Equations$9KW:K 610 $aPhase Boundaries$9KW:K 610 $aRiemannian manifolds$9KW:K 610 $aSurface Energies (Lipid Bilayer)$9KW:K 620 $aCH$dCham$3VANL001889 702 1$aChen$bGui-Qiang G.$3VANV043778 702 1$aGrinfeld$bMichael$3VANV087686 702 1$aKnops$bRobin J.$3VANV041407 712 $aSpringer $3VANV108073$4650 790 1$aGrinfeld, M.$zGrinfeld, Michael$3VANV259321 790 1$aKnops, Robin John$zKnops, Robin J.$3VANV260991 790 1$aKnops, R. J.$zKnops, Robin J.$3VANV260992 790 1$aKnops, R.J.$zKnops, Robin J.$3VANV260993 801 $aIT$bSOL$c20260403$gRICA 856 4 $uhttp://dx.doi.org/10.1007/978-3-319-18573-6$zE-book ? Accesso al full-text attraverso riconoscimento IP di Ateneo, proxy e/o Shibboleth 899 $aBIBLIOTECA DEL DIPARTIMENTO DI MATEMATICA E FISICA$1IT-CE0120$2VAN08 912 $fN 912 $aVAN00113600 950 $aBIBLIOTECA DEL DIPARTIMENTO DI MATEMATICA E FISICA$d08DLOAD e-book 0165 $e08eMF165 20180115 996 $aDifferential geometry and continuum mechanics$91522666 997 $aUNICAMPANIA